Jó könyvek keresik az olvasót a Somogyi Könyvtár fiókkönyvtáraiban
Elmentve itt :
| Szerző: | |
|---|---|
| Dokumentumtípus: | Cikk |
| Megjelent: |
1958-04-17
|
| Sorozat: | Délmagyarország
14 No. 90 |
| Kulcsszavak: | Somogyi-könyvtár, Somogyi-könyvtár fiókkönyvtár 1958, Újszeged |
| Online Access: | http://dmarchiv.bibl.u-szeged.hu/72978 |
| LEADER | 00549nab a2200157 i 4500 | ||
|---|---|---|---|
| 001 | delm72978 | ||
| 005 | 20180928082640.0 | ||
| 008 | 180928s1958 hu o 0|| hun d | ||
| 040 | |a SZTE Délmagyarország Archívum |b hun | ||
| 041 | |a hun | ||
| 100 | 1 | |a Vincze András | |
| 245 | 1 | 0 | |a Jó könyvek keresik az olvasót a Somogyi Könyvtár fiókkönyvtáraiban |h [elektronikus dokumentum] / |c Vincze András |
| 260 | |c 1958-04-17 | ||
| 300 | |a 4 | ||
| 490 | 0 | |a Délmagyarország |v 14 No. 90 | |
| 695 | |a Somogyi-könyvtár, Somogyi-könyvtár fiókkönyvtár 1958, Újszeged | ||